Legolas Quiz - Statistics

General Stats
  • This quiz has been taken 20 times
  • The average score is 7 of 10
Answer Stats
Answer % Correct
Weapon of choice Bow / Knives
100%
His unlikely friend Gimli
100%
Dunadan he travels with Aragorn
94%
His father Thranduil
88%
Creature he feared Balrog
82%
Realm he is from Woodland Realm
76%
# orcs he killed at Hornburg 41
65%
Nazgul beast he killed Fell Beast
59%
Birds that call him to the sea Gulls
41%
Wraiths he is unafraid of Oathbreakers
41%
No matching quizzes found
Score Distribution
Percent of People with Each Score
Percentile by Number Answered
Your Score History
You have not taken this quiz